Maroon 5- The Man Who Never Lied lyrics - Statistics

General Stats
  • This quiz has been taken 22 times
  • The average score is 208 of 260
Answer Stats
Hint % Correct
a
100%
Chorus I
100%
i
100%
the
100%
lied
94%
man
94%
never
94%
oh
94%
who
94%
at
88%
but
88%
of
88%
to
88%
was
88%
you
88%
your
88%
do
81%
Verse 1 In
81%
Bridge in
81%
just
81%
like
81%
break
75%
can't
75%
did
75%
each
75%
heart
75%
it
75%
middle
75%
other
75%
screaming
75%
take
75%
be
69%
boulevard
69%
couldn't
69%
go
69%
Hollywood
69%
hollywood
69%
is
69%
today
69%
tragedy
69%
until
69%
what
69%
yeah
69%
yesterday
69%
am
63%
know
63%
laughing
63%
mine
63%
anymore
56%
comedy
56%
don't
56%
ever
56%
let
56%
need
56%
these
56%
up
56%
won't
56%
dark
50%
doing
50%
funny
50%
isn't
50%
after
44%
all
44%
happy
44%
little
44%
pieces
44%
policy
44%
Verse 2 sometimes
44%
wanna
44%
honesty
38%
worst
38%
picking
31%
tiny
31%
og
0%
No matching quizzes found
Score Distribution
Percent of People with Each Score
Percentile by Number Answered
Your Score History
You have not taken this quiz